[Event "NED-ch U16 Girls"]
[Site "Almelo"]
[Date "2023.05.06"]
[Round "7"]
[White "Zahirna, Iryna"]
[Black "Knobbe, Elise"]
[Result "1/2-1/2"]
[WhiteElo "1594"]
[BlackElo "1584"]
[PlyCount "78"]
[EventDate "2023.04.30"]
[EventType "swiss"]
[EventRounds "7"]
[EventCountry "NED"]
[SourceTitle "CBM 214 Extra"]
[Source "ChessBase"]
[SourceDate "2023.07.31"]
[SourceVersion "1"]
[SourceVersionDate "2023.07.31"]
[SourceQuality "1"]

1. d4 f5 2. Nc3 Nf6 3. Bg5 e6 4. e4 fxe4 5. Bxf6 Qxf6 6. Nxe4 Qg6 7. Ng3 Be7 8. Bd3 Qf7 9. Nf3 d6 10. Qe2 Nc6 11. c3 Bd7 12. 0-0-0 0-0-0 13. Rhe1 Bf6 14. Qc2 g6 15. Ne4 Bg7 16. Ned2 e5 17. dxe5 Nxe5 18. Nb3 Nxf3 19. gxf3 Qxf3 20. Be4 Qf4+ 21. Kb1 Bf5 22. Bxf5+ Qxf5 23. Qxf5+ gxf5 24. Re7 Bf6 25. Rf7 Rdf8 26. Rxf8+ Rxf8 27. Rg1 Kd7 28. Nd4 Bxd4 29. cxd4 Rf7 30. f4 a5 31. a4 Kc6 32. Kc2 Kd5 33. Kd3 c6 34. h4 Rf6 35. h5 h6 36. Rg7 Rf8 37. Rxb7 Ra8 38. Rh7 c5 39. dxc5 Kxc5 1/2-1/2

[Event "NED-ch U16 Girls"]
[Site "Almelo"]
[Date "2023.05.05"]
[Round "6"]
[White "Knobbe, Elise"]
[Black "Tangarife Ramirez, Katja"]
[Result "0-1"]
[WhiteElo "1584"]
[BlackElo "1667"]
[PlyCount "102"]
[EventDate "2023.04.30"]
[EventType "swiss"]
[EventRounds "7"]
[EventCountry "NED"]
[SourceTitle "CBM 214 Extra"]
[Source "ChessBase"]
[SourceDate "2023.07.31"]
[SourceVersion "1"]
[SourceVersionDate "2023.07.31"]
[SourceQuality "1"]

1. c4 c6 2. d4 d5 3. Nf3 Nf6 4. Qc2 e6 5. g3 Be7 6. Bg2 0-0 7. 0-0 Nbd7 8. Bf4 b6 9. cxd5 cxd5 10. Nc3 Bb7 11. Rac1 Rc8 12. Qa4 a6 13. e3 Ne8 14. g4 Nd6 15. Ne2 Nc4 16. Qb3 Nf6 17. h3 Ne4 18. Rfd1 Bc6 19. Ne5 Ned6 20. Nxc6 Rxc6 21. Nc3 b5 22. Qc2 Qd7 23. Qe2 Rfc8 24. Rc2 Nxb2 25. Rdc1 Nbc4 26. Nb1 Bd8 27. Qd3 Ba5 28. Bg3 Bc7 29. Nd2 Ne8 30. Nxc4 bxc4 31. Qa3 Bxg3 32. fxg3 Rb6 33. Rb2 Rxb2 34. Qxb2 Qc7 35. Kh2 Rb8 36. Qc3 Qb6 37. Rc2 Nd6 38. h4 h6 39. Kh3 Nc8 40. e4 Qd6 41. e5 Qb4 42. Qf3 Na7 43. Rf2 Rb7 44. g5 hxg5 45. hxg5 g6 46. Rc2 Nc6 47. Qe3 Qb1 48. Qc3 Nxd4 49. Rf2 Nf5 50. g4 Ne7 51. Qa5 Qb6 0-1

[Event "NED-ch U16 Girls"]
[Site "Almelo"]
[Date "2023.05.01"]
[Round "2"]
[White "Knobbe, Elise"]
[Black "Yildirim, Azra"]
[Result "0-1"]
[WhiteElo "1584"]
[BlackElo "1275"]
[PlyCount "68"]
[EventDate "2023.04.30"]
[EventType "swiss"]
[EventRounds "7"]
[EventCountry "NED"]
[SourceTitle "CBM 214 Extra"]
[Source "ChessBase"]
[SourceDate "2023.07.31"]
[SourceVersion "1"]
[SourceVersionDate "2023.07.31"]
[SourceQuality "1"]

1. c4 e5 2. Nc3 Nc6 3. g3 Nf6 4. Bg2 Bc5 5. e3 0-0 6. Nge2 Re8 7. d3 d6 8. 0-0 Ne7 9. a3 a5 10. b3 Ng6 11. Bb2 c6 12. d4 Bb6 13. d5 e4 14. dxc6 bxc6 15. Nd4 Bg4 16. Qd2 Qd7 17. Na4 Bc5 18. Bc3 Bxd4 19. Bxd4 Qf5 20. b4 axb4 21. axb4 Rad8 22. Bxf6 gxf6 23. Qc2 Bh3 24. Nb2 Bxg2 25. Kxg2 Qg4 26. f4 exf3+ 27. Kf2 Ne5 28. Rh1 Qh3 29. Rag1 Ng4+ 30. Kxf3 Rxe3+ 31. Kf4 Rde8 32. Nd1 Qh6+ 33. Kxg4 R8e4+ 34. Kf5 Qg5# 0-1

[Event "NED-ch U16 Girls"]
[Site "Almelo"]
[Date "2023.04.30"]
[Round "1"]
[White "Gergin, Isafara"]
[Black "Knobbe, Elise"]
[Result "1-0"]
[WhiteElo "1762"]
[BlackElo "1584"]
[PlyCount "101"]
[EventDate "2023.04.30"]
[EventType "swiss"]
[EventRounds "7"]
[EventCountry "NED"]
[SourceTitle "CBM 214 Extra"]
[Source "ChessBase"]
[SourceDate "2023.07.31"]
[SourceVersion "1"]
[SourceVersionDate "2023.07.31"]
[SourceQuality "1"]

1. e4 c5 2. Nf3 Nc6 3. d4 cxd4 4. Nxd4 g6 5. Be3 Bg7 6. Nc3 Nf6 7. Be2 0-0 8. 0-0 d5 9. exd5 Nxd5 10. Nxd5 Qxd5 11. Bf3 Qd7 12. Nxc6 bxc6 13. Qxd7 Bxd7 14. Rad1 Rfd8 15. Rxd7 Rxd7 16. Bxc6 Rad8 17. Bxd7 Rxd7 18. b3 Bc3 19. Rb1 a5 20. Kf1 f5 21. Ke2 e5 22. g3 Kf7 23. Rd1 Rxd1 24. Kxd1 Ke6 25. Ke2 e4 26. Bd2 Bxd2 27. Kxd2 g5 28. c3 Kd5 29. a4 Kc5 30. Ke3 h6 31. f3 exf3 32. Kxf3 h5 33. h4 gxh4 34. gxh4 Kd5 35. Kf4 Ke6 36. b4 axb4 37. cxb4 Kd5 38. Kxf5 Kc4 39. b5 Kc5 40. Kg5 Kb6 41. Kxh5 Ka5 42. Kg5 Kb6 43. h5 Ka5 44. h6 Kb6 45. h7 Ka5 46. h8Q Kb6 47. Qc3 Kb7 48. a5 Ka7 49. b6+ Kb8 50. Qc7+ Ka8 51. Qa7# 1-0

[Event "NED-ch U14 Girls"]
[Site "Almelo"]
[Date "2022.05.06"]
[Round "6"]
[White "Knobbe, Elise"]
[Black "Gergin, Isafara"]
[Result "1-0"]
[WhiteElo "1553"]
[BlackElo "1723"]
[PlyCount "89"]
[EventDate "2022.05.01"]
[EventType "swiss"]
[EventRounds "9"]
[EventCountry "NED"]
[SourceTitle "EXT 2023"]
[Source "ChessBase"]
[SourceDate "2022.10.05"]
[SourceVersion "1"]
[SourceVersionDate "2022.10.05"]
[SourceQuality "1"]

1. c4 Nf6 2. Nc3 g6 3. g3 Bg7 4. Bg2 0-0 5. e4 d6 6. Nge2 Nbd7 7. 0-0 e5 8. d3 Ne8 9. Be3 f5 10. exf5 gxf5 11. f4 c6 12. Re1 Nef6 13. h3 Qe8 14. Kh2 Qg6 15. Ng1 Kh8 16. Qf3 Rg8 17. Qf2 Bh6 18. Nge2 Nh5 19. Rg1 exf4 20. Bxf4 Nxf4 21. Nxf4 Bxf4 22. gxf4 Qf6 23. d4 Nb6 24. b3 Be6 25. Qd2 d5 26. cxd5 Bxd5 27. Nxd5 Nxd5 28. Bxd5 cxd5 29. Rxg8+ Rxg8 30. Re1 Qg6 31. Qf2 Qd6 32. Re5 Rf8 33. Qg2 Qc6 34. Qe2 Qd7 35. Re7 Qc6 36. Qe5+ Qf6 37. Qxf6+ Rxf6 38. Rxb7 Ra6 39. a4 Rb6 40. Rxb6 axb6 41. b4 Kg8 42. a5 Kf7 43. a6 Ke7 44. a7 Kd7 45. a8Q 1-0

[Event "NED-ch U14 Girls"]
[Site "Almelo"]
[Date "2022.05.03"]
[Round "3"]
[White "Verbunt, Lisa"]
[Black "Knobbe, Elise"]
[Result "0-1"]
[WhiteElo "807"]
[BlackElo "1553"]
[PlyCount "46"]
[EventDate "2022.05.01"]
[EventType "swiss"]
[EventRounds "9"]
[EventCountry "NED"]
[SourceTitle "EXT 2023"]
[Source "ChessBase"]
[SourceDate "2022.10.05"]
[SourceVersion "1"]
[SourceVersionDate "2022.10.05"]
[SourceQuality "1"]

1. e4 c5 2. c3 Nc6 3. d4 d5 4. e5 e6 5. Nf3 b6 6. Bd3 g6 7. Na3 Bg7 8. Nc2 Nge7 9. 0-0 0-0 10. Bg5 Qd7 11. Re1 Bb7 12. Qd2 Rac8 13. Rac1 cxd4 14. cxd4 Na5 15. b3 Nac6 16. h3 Kh8 17. Qf4 Nf5 18. g4 Nfe7 19. h4 Ng8 20. Bf6 Rfe8 21. h5 Qc7 22. h6 Bxf6 23. exf6 Qxf4 0-1

[Event "NED-ch U14 Girls"]
[Site "Almelo"]
[Date "2022.05.02"]
[Round "2"]
[White "Knobbe, Elise"]
[Black "Van Apeldoorn, Vera"]
[Result "0-1"]
[WhiteElo "1553"]
[BlackElo "1022"]
[PlyCount "68"]
[EventDate "2022.05.01"]
[EventType "swiss"]
[EventRounds "9"]
[EventCountry "NED"]
[SourceTitle "EXT 2023"]
[Source "ChessBase"]
[SourceDate "2022.10.05"]
[SourceVersion "1"]
[SourceVersionDate "2022.10.05"]
[SourceQuality "1"]

1. c4 e5 2. Nc3 Nf6 3. g3 Bb4 4. Bg2 0-0 5. e4 Nc6 6. Nge2 d6 7. 0-0 Bd7 8. Nd5 Nxd5 9. cxd5 Ne7 10. a3 Ba5 11. b4 Bb6 12. Bb2 f5 13. d3 Qc8 14. Rc1 fxe4 15. dxe4 Bh3 16. Qc2 Bxg2 17. Kxg2 c6 18. dxc6 Nxc6 19. Qb3+ Kh8 20. Qd3 Qe6 21. Nc3 Rf6 22. Nd5 Rh6 23. h4 Qg6 24. Rh1 Bd8 25. Kf1 Qf7 26. Ne3 Bb6 27. Rc2 Rf6 28. Rh2 Rf3 29. Kg1 Rf8 30. Qd2 Bxe3 31. fxe3 Rf1+ 32. Kg2 Rg1+ 33. Kh3 Qe6+ 34. g4 Rf3# 0-1